000 00527nam a22001577a 4500
003 macl
005 20191116123226.0
008 191116b xxu||||| |||| 00| 0 eng d
040 _cmacl
082 _a891.432/KOH/L
100 _aकौडा ,डॉ स्‍वामी
_977148
245 _aनाटककार मोहन राकेश
260 _aगाजियाबाद
_bप्रज्ञान बुक्‍स
_c2018
651 _aनाटय् साहित्‍य
_977149
942 _2ddc
_cHIN
999 _c61319
_d61319